[Event "XXVII RUS-chT Premier 2020"]
[Site "Sochi"]
[Date "2020.11.25"]
[Round "6.25"]
[White "Goryachkina, Aleksandra"]
[Black "Lobanov, Sergei"]
[Result "1/2-1/2"]
[WhiteElo "2592"]
[BlackElo "2522"]
[Annotator "TA"]
[PlyCount "81"]
[EventDate "2020.11.19"]
[EventType "team-tourn"]
[EventCountry "RUS"]
[SourceTitle "playchess.com"]
[Source "ChessBase"]
[SourceQuality "1"]

{[%evp 12,81,24,22,26,0,0,0,0,0,0,0,9,9,9,9,7,8,15,0,0,0,0,-9,0,0,0,0,0,0,8,8,6,14,14,16,16,14,13,0,0,0,0,0,0,0,0,0,0,0,0,0,0,0,0,0,0,0,0,0,0,0,0,0,0,0,0,0,0,0,0,0]} 1. d4 Nf6 2. c4 e6 3. Nf3 d5 4. Nc3 Be7 5. Bf4 O-O 6. e3 Nbd7 7. Be2 dxc4 {D37: Queen's Gambit Declined: 5 Bf4.} 8. Bxc4 a6 {The position is equal.} 9. a4 c5 10. O-O cxd4 11. Qxd4 Nb6 $1 {[#] And now ...Qxd4 would win. 11...Nb6 scores better than 11...b6.} 12. Bb3 Qxd4 13. Nxd4 Bd7 14. a5 Nbd5 15. Nxd5 Nxd5 16. Bxd5 exd5 {[#]} 17. Be5 $146 ({Predecessor:} 17. Rfc1 Rac8 18. Bc7 Bf6 19. Bd6 Rxc1+ 20. Rxc1 Rc8 21. Rxc8+ Bxc8 22. f3 h5 23. Kf2 {½-½ (32) Georgiev,K (2671)-Berkes,F (2682) Skopje 2012}) 17... f6 18. Bc7 Rac8 19. Rac1 Rfe8 20. h3 Bc6 (20... Bb4 {with more complications.} 21. Bb6 Kf7 22. Rfd1 g5 23. Nb3 Rxc1 24. Rxc1 Bd6) 21. Nxc6 Rxc7 22. Nxe7+ Rexe7 23. Rfd1 Rxc1 24. Rxc1 $11 {[%mdl 4096] Endgame KR-KR} Re4 25. Rd1 Rb4 26. Rxd5 Rxb2 27. Rd7 Rb5 28. g4 h5 29. gxh5 Rxh5 30. Rxb7 Rxa5 31. Ra7 Ra1+ 32. Kg2 a5 {[%cal Ba6a5,Ba5a4,Ba4a3][%mdl 32]} 33. e4 a4 34. f4 a3 35. e5 fxe5 36. fxe5 Re1 37. Ra8+ Kf7 38. Ra7+ Kg6 39. Rxa3 Rxe5 40. Rb3 Rf5 41. Ra3 {An uneventful encounter.  Weighted Error Value: White=0.01/Black=0.01} 1/2-1/2

[Event "XXVII RUS-chT Premier 2020"]
[Site "Sochi"]
[Date "2020.11.25"]
[Round "6.26"]
[White "Shubin, Kirill"]
[Black "Kobalia, Mikhail"]
[Result "1/2-1/2"]
[WhiteElo "2441"]
[BlackElo "2590"]
[Annotator "TA"]
[PlyCount "94"]
[EventDate "2020.11.19"]
[EventType "team-tourn"]
[EventCountry "RUS"]
[SourceTitle "playchess.com"]
[Source "ChessBase"]
[SourceQuality "1"]

{[%evp 11,94,-6,7,11,0,6,2,0,0,-9,-1,0,0,0,0,0,0,0,0,0,0,0,9,0,0,-48,-48,-56,-37,-147,0,0,0,0,0,-59,-45,-57,-54,-44,-42,-66,-8,-35,-7,-7,-6,-6,-5,-8,-7,-10,0,0,0,0,31,0,0,0,0,0,0,0,-8,-8,0,0,0,0,0,-8,-8,-12,0,-22,0,0,0,0,0,0,0,0,0]} 1. e4 c5 2. Nf3 d6 3. d4 cxd4 4. Nxd4 Nf6 5. Nc3 a6 6. Rg1 b5 {[%cal Bb7b5,Bb5b4][%mdl 32]} 7. g4 {B90: Sicilian Najdorf: Unusual White 6th moves, 6 Be3 Ng4 and 6 Be3 e5.} Bb7 8. Bg2 {[#] 8.g5 is the modern continuation.} g6 $146 ({Predecessor:} 8... e6 9. a3 Qc7 10. h4 Nc6 11. g5 Nd7 12. h5 Nc5 13. Nxc6 Bxc6 14. Be3 Rb8 {½-½ (51) Pridorozhni,A (2597)-Siva,M (2349) chess.com INT 2020}) 9. e5 Bxg2 10. exf6 Bb7 11. Bg5 b4 12. fxe7 Bxe7 13. Bxe7 Qxe7+ 14. Nce2 O-O 15. Qd2 a5 16. O-O-O Nd7 17. Ng3 Rfe8 18. Nb5 Ne5 19. Nxd6 Nf3 20. Qf4 {[#]} ({Better is} 20. Qh6 $1 $15 Nxg1 21. Nxe8 Rxe8 22. Rxg1) 20... Nxg1 (20... Qc7 $1 $17 21. Rgf1 Re6) 21. Nxe8 $11 Rxe8 22. Rxg1 a4 23. Qd4 (23. Rd1 $11) 23... Rd8 $15 24. Qe3 Qd6 25. Kb1 a3 26. g5 $1 axb2 (26... Bd5 $15 27. Re1 Bc6) 27. Re1 Bd5 {White must now prevent ...Qa6.} 28. Ne4 $1 {[%cal Re4d6]} Bxe4 ({Don't blunder} 28... Qxh2 $2 29. Nf6+ Kg7 30. Ne8+ Kg8 {[#]} 31. Qb6 $1 $18 {[%mdl 512]}) 29. Qxe4 Qxh2 $11 {[%mdl 4096] Endgame KQR-KQR} 30. f4 Qd2 31. Kxb2 Rc8 32. Kb1 Rc5 33. Re2 {White threatens Qe8+ and mate.} Qd1+ 34. Kb2 Qd6 {The position is equal.} 35. Re3 h5 36. gxh6 {And now Qe8+ would win.} Rf5 37. Rf3 Kh7 38. Kb1 Qd1+ 39. Kb2 Qd6 40. Kb1 Kxh6 41. Kb2 Kg7 42. Kb1 Qd1+ 43. Kb2 Rc5 44. Rb3 Qd2 45. Kb1 Qd1+ 46. Kb2 Qd2 47. Kb1 Qd1+ {Weighted Error Value: White=0.11/Black=0.09} 1/2-1/2

[Event "XXVII RUS-chT Premier 2020"]
[Site "Sochi"]
[Date "2020.11.25"]
[Round "6.27"]
[White "Demidov, Mikhail"]
[Black "Usmanov, Vasily"]
[Result "0-1"]
[WhiteElo "2526"]
[BlackElo "2442"]
[Annotator "TA"]
[PlyCount "124"]
[EventDate "2020.11.19"]
[EventType "team-tourn"]
[EventCountry "RUS"]
[SourceTitle "playchess.com"]
[Source "ChessBase"]
[SourceQuality "1"]

{[%evp 14,124,-5,0,3,-2,-6,-28,0,8,20,-31,0,-18,-16,-28,-22,-36,-54,-58,-38,-42,-24,-41,-30,-31,-37,-44,-19,-29,-26,-31,-9,-48,-18,-17,-16,-18,-6,-25,0,-4,14,-211,-218,-205,-211,-244,-243,-232,-221,-221,-222,-240,-232,-235,-220,-242,-242,-242,-236,-242,-242,-246,-235,-238,-240,-238,-231,-374,-374,-374,-374,-374,-367,-367,-354,-346,-339,-311,-249,-1687,-1538,-820,-456,-2108,-1954,-1560,-985,-29964,-29966,-29969,-29970,-29970,-29971,-29971,-29972,-29972,-29973,-29975,-29976,-29976,-29977,-29977,-29978,-29978,-29978,-29978,-29976,-29982,-29980,-29983,-149]} 1. Nf3 d5 2. g3 Nd7 3. Bg2 e5 4. d3 Ngf6 5. O-O Bd6 6. Nbd2 O-O 7. e4 c6 8. b3 Re8 {B10: Caro-Kann: 2 d3 and 2 c4.} 9. Bb2 a5 10. a3 Nf8 {Black has an edge.} 11. Re1 Ng6 12. c3 ({Better is} 12. d4 $11) 12... Qc7 13. Qc2 {[#]} Be6 $146 ({Predecessor:} 13... b6 14. d4 Bd7 15. c4 dxe4 16. Nxe5 Nxe5 {½-½ (16) Pancevski,F (2484)-Prohaszka,P (2567) Dresden 2013}) 14. b4 h6 15. Rad1 Rad8 16. Nb3 b6 17. Nbd2 Bf8 18. Qb1 dxe4 19. Nxe4 Nxe4 20. dxe4 Bb3 21. Rd2 c5 22. Bc1 Ba4 23. Rd5 cxb4 24. cxb4 axb4 25. axb4 Qc4 26. Be3 Bc2 27. Qb2 {Threatens to win with Rc1.} Rc8 ({Wrong is} 27... Bxb4 $2 28. Rc1 $18) 28. Nxe5 $2 {Now White is beyond hope.} (28. Rc1 $11 Qb3 29. Qxb3 Bxb3 30. Rxc8 Rxc8 31. Rb5) 28... Qxb4 $19 29. Qxb4 Bxb4 30. Nxg6 Bxe1 31. Nf4 Rb8 32. Rb5 Bxe4 33. Rxb6 Rxb6 34. Bxb6 Bd2 35. Bxe4 Rxe4 {[%mdl 4096] Endgame KRB-KBN} 36. Nd3 Bc3 37. Kf1 Bd4 38. Ba5 Kf8 39. h3 Ke7 40. Bb4+ Kd7 41. Nc5+ (41. Bc3 $142) 41... Bxc5 42. Bxc5 {KR-KB} h5 43. Bf8 g6 44. Bh6 Ke6 45. Bd2 Kd5 46. Bh6 Kd4 47. Bg7+ $2 (47. Kg2) 47... Kd3 48. Bh6 Rb4 49. Bg5 (49. f3 $142) 49... Rb1+ 50. Kg2 Ke2 51. h4 Rb3 {Black mates.} 52. Bf6 {[#]} Rf3 $1 53. Bd4 f5 54. Bc5 f4 55. gxf4 Rxf4 56. Kg3 Rg4+ 57. Kh3 Kf3 58. Bb6 Rg2 59. Bc5 Rxf2 60. Bb6 Rf1 {[%cal Rf1h1]} 61. Bc7 Rh1+ 62. Bh2 {[#]} Rxh2+ $1 {Weighted Error Value: White=0.55/Black=0.14} 0-1

[Event "XXVII RUS-chT Premier 2020"]
[Site "Sochi"]
[Date "2020.11.25"]
[Round "6.28"]
[White "Pershin, Denis"]
[Black "Murzin, Volodar"]
[Result "1/2-1/2"]
[WhiteElo "2387"]
[BlackElo "2470"]
[Annotator "TA"]
[PlyCount "39"]
[EventDate "2020.11.19"]
[EventType "team-tourn"]
[EventCountry "RUS"]
[SourceTitle "playchess.com"]
[Source "ChessBase"]
[SourceQuality "1"]

{[%evp 15,39,12,57,25,35,12,46,33,33,28,38,21,30,23,35,29,17,17,43,23,27,0,51,0,53,0]} 1. d4 Nf6 2. c4 g6 3. Nc3 Bg7 4. g3 O-O 5. Bg2 d6 6. Nf3 Nbd7 7. O-O e5 8. h3 a6 9. Re1 {E67: King's Indian: Fianchetto: 6...Nbd7.} Rb8 10. a4 c6 11. e4 a5 12. b3 Re8 13. Be3 exd4 14. Nxd4 {[#]} Nc5 $146 {[%cal Rf6e4]} ({Predecessor:} 14... Qc7 15. f4 Nc5 16. Bf2 Bd7 17. g4 h5 18. g5 Nh7 19. Rb1 Ne6 20. Nxe6 Bxe6 {½-½ (35) Sos Andreu,E (2354)-Almagro Mazariegos,S (2268) Linares 2019}) 15. Qc2 Nfd7 16. Rad1 Qb6 17. Rb1 Qd8 18. Rbd1 Qb6 19. Rb1 Qd8 20. Rbd1 {Weighted Error Value: White=0.14/Black=0.10} (20. Red1 $14) 1/2-1/2

[Event "XXVII RUS-chT Premier 2020"]
[Site "Sochi"]
[Date "2020.11.25"]
[Round "6.29"]
[White "Savitskiy, Sergey"]
[Black "Timerkhanov, Alexander"]
[Result "0-1"]
[WhiteElo "2451"]
[BlackElo "2379"]
[Annotator "TA"]
[PlyCount "138"]
[EventDate "2020.11.19"]
[EventType "team-tourn"]
[EventCountry "RUS"]
[SourceTitle "playchess.com"]
[Source "ChessBase"]
[SourceQuality "1"]

{[%evp 13,138,48,72,19,26,-22,56,29,44,44,43,44,42,41,42,43,45,49,55,51,58,45,54,56,58,34,57,37,66,25,87,95,92,64,80,53,57,42,61,50,52,0,31,0,0,0,0,0,16,-8,-19,-20,-20,-20,-20,-20,-20,-20,-20,-43,-20,-20,-20,-39,-45,-39,-38,-73,-22,-26,-18,-12,0,-16,0,-13,-6,-50,-13,-18,0,-85,-83,-251,-269,-317,-320,-312,-317,-320,-222,-216,-214,-199,-152,-152,-167,-153,-152,-152,-152,-152,-153,-262,-254,-363,-372,-370,-352,-402,-379,-519,-518,-928,-853,-788,-759,-510,-745,-815,-1006,-4633,-4633,-4546,-2862,-5117,-4681]} 1. e4 e6 2. d4 d5 3. Nc3 Bb4 4. e5 b6 5. Qg4 Bf8 6. Bg5 Qd7 7. f4 Ba6 8. Nf3 {is the legacy move (8.Bxa6). C16: French: 3 Nc3 Bb4 4 e5: Lines without ...c5.} ({Better is} 8. Bxa6 $16 Nxa6 9. a3) 8... h6 {[#] Threatens to win with ...Bxf1.} 9. Qh3 {[#]} g6 $146 (9... Bxf1 $11 10. Kxf1 (10. Rxf1 Bb4 $11) 10... Ne7) ({Predecessor:} 9... Bxf1 10. Rxf1 Nc6 11. O-O-O Nge7 12. Bxe7 Nxe7 13. Ne1 h5 14. Qd3 Nf5 15. g3 c5 16. dxc5 bxc5 {0-1 (32) Karius,T-Florea,D (1965) Schoeneck 1996}) 10. O-O-O {White is slightly better.} Bg7 11. Bh4 Bxf1 12. Rhxf1 Nc6 13. Qg3 Nge7 14. Qe1 O-O-O 15. g4 Rdg8 16. Kb1 Kb7 17. h3 Na5 18. Rd3 Nec6 19. Nd2 Rc8 20. a3 Bf8 21. f5 g5 (21... gxf5 $11 22. gxf5 Ne7) 22. Bf2 $16 a6 23. Bg1 Na7 24. Rdf3 Nb5 25. Na2 Be7 26. Qe2 h5 27. fxe6 fxe6 28. Rf7 hxg4 29. hxg4 Nc6 30. Nb3 Rcf8 31. a4 Rxf7 32. Rxf7 Nba7 33. Nc3 Qe8 34. Rf3 Nb4 35. a5 Qg6 36. Rf1 Rh3 37. axb6 cxb6 38. Nc1 Nac6 39. N1a2 Nxa2 40. Nxa2 Na5 (40... Rg3 $17) 41. Qg2 $11 Rh8 42. Be3 Rc8 43. Qe2 Rh8 44. Nc1 Rh7 45. Qd3 (45. Nd3 {is more complex.} Nc4 46. Nf2 Nxe3 47. Qxe3 Rf7 48. Rh1) 45... Qxd3 46. Nxd3 Kc7 47. b3 (47. Ne1 $11 {remains equal.}) 47... Rh3 $17 48. Bf2 $2 {[#] This costs White the game.} (48. Re1 $17) 48... Nxb3 $1 $19 {[%mdl 512]} 49. Be1 {Black should prevent Nf2.} (49. cxb3 Rxd3) 49... Nxd4 50. Rf7 Kd8 51. Bf2 Nc6 {White must now prevent ...Ke8.} 52. Bxb6+ Ke8 53. Rf1 Rg3 54. Rg1 Rxg1+ 55. Bxg1 $17 {[%mdl 4096] Endgame KBN-KBN} Na5 56. Ne1 Nc4 57. Nf3 Kd7 58. Ka2 (58. Bd4 $17 {was necessary.}) 58... Bb4 $19 59. Kb3 (59. Nxg5 $142 Nxe5 60. Kb3) 59... Bd2 60. Bd4 Bf4 61. Kb4 {Cut Off at move 61} Kc6 62. Ka4 Ne3 {Black is clearly winning.} 63. Bxe3 (63. Ne1 $142 Nxg4 64. Nd3) 63... Bxe3 {KB-KN} 64. Kb4 Kb6 65. Kc3 a5 {[%cal Ba6a5,Ba5a4][%mdl 32]} 66. Kd3 Bf4 67. Nd4 Bxe5 68. Nxe6 Bf6 69. c4 a4 {Weighted Error Value: White=0.25/Black=0.12} 0-1

[Event "XXVII RUS-chT Premier 2020"]
[Site "Sochi"]
[Date "2020.11.25"]
[Round "6.30"]
[White "Askerov, Marat"]
[Black "Potapov, Pavel"]
[Result "1/2-1/2"]
[WhiteElo "2338"]
[BlackElo "2482"]
[Annotator "TA"]
[PlyCount "167"]
[EventDate "2020.11.19"]
[EventType "team-tourn"]
[EventCountry "RUS"]
[SourceTitle "playchess.com"]
[Source "ChessBase"]
[SourceQuality "1"]

{[%evp 17,167,17,19,17,14,14,16,16,14,21,25,-10,-17,-16,-8,-11,0,0,0,-9,0,0,0,-24,8,4,15,0,0,0,7,12,7,9,5,0,0,0,0,0,0,0,20,0,0,0,0,0,0,0,0,0,19,18,24,0,30,0,23,0,0,0,0,0,0,0,0,0,0,0,0,0,2,0,4,4,4,4,7,0,0,0,8,0,1,8,12,0,32,32,85,8,12,12,6,11,13,14,12,14,14,14,16,16,16,16,15,0,0,0,0,0,0,0,0,0,0,0,0,0,0,0,0,0,0,0,0,0,0,0,0,0,0,0,0,0,0,0,0,0,0,0,0,0,0,0,0,0,0,0,0,8]} 1. d4 Nf6 2. c4 e6 3. Nf3 b6 4. g3 Bb7 5. Bg2 Bb4+ 6. Bd2 a5 7. O-O O-O 8. Bg5 Be7 9. Nc3 Ne4 10. Bxe7 {E16: Queen's Indian: 4 g3 Bb7 5 Bg2 Bb4+.} Qxe7 11. Qc2 Nxc3 12. Qxc3 d6 13. Rfe1 f5 14. Nd2 Bxg2 15. Kxg2 Nd7 {[#]} 16. Qf3 $146 ({Predecessor:} 16. e4 e5 17. dxe5 Qxe5 18. Qxe5 Nxe5 19. exf5 Rxf5 20. f4 Nd3 21. Re7 Rf7 22. Rxf7 Kxf7 {½-½ (85) Biro,D (2198)-Bencze,L (2314) Hungary 2006}) 16... e5 17. Qc6 Rac8 18. dxe5 dxe5 19. Rad1 Nc5 20. Nb3 Nxb3 (20... Ne6 {is interesting.} 21. c5 f4 22. Kh1 Qf7 23. Rc1 fxg3 24. fxg3 Ng5) 21. axb3 Rcd8 22. Rd5 Rf6 23. Qb5 Re6 24. Red1 Rxd5 $1 25. Qxd5 $11 {[%mdl 4096] Endgame KQR-KQR} Kf7 26. e4 fxe4 27. Qxe4 g6 28. Rd5 Kg7 29. h4 h5 30. Rd2 Kf7 31. Re2 Qd6 32. Qf3+ Kg7 33. Qe4 Kf7 34. Qe3 Kg7 35. Rd2 Qe7 36. Rd5 Qf6 37. Qe4 Re7 38. Rd2 Qf5 39. Qxf5 gxf5 {KR-KR} 40. Kf3 Kf7 41. Ke3 Re6 42. Rd7+ Re7 43. Rd5 Ke6 44. Rd8 Rh7 45. Rf8 Rh6 46. Rg8 Kf6 47. Ra8 Ke7 48. Rc8 Kd6 49. Rf8 Ke6 50. Re8+ Kd6 51. Kd3 Rh7 52. Rg8 Rd7 53. Rh8 e4+ {[#]} ({Better is} 53... Kc5+ $14 54. Kc2 Kd4) 54. Kc2 (54. Ke2 $1 $16) 54... Ke6 {The position is equal.} 55. Rh6+ Kf7 56. Rxh5 Kg6 57. Rg5+ Kf6 58. g4 fxg4 59. Rxg4 Kf5 60. Rg2 Rd3 61. Rg3 {Cut Off at move 61} Rd7 62. Kc3 c5 63. h5 Rh7 64. Rh3 Kg4 65. Rg3+ Kf5 66. Rh3 Kg4 67. Rg3+ Kf5 68. Rg6 Rxh5 69. Rxb6 Rh3+ 70. Kd2 Kf4 71. Ke2 Ke5 72. Rb8 Kd6 73. Rb6+ Ke5 74. Rc6 Rxb3 75. Rxc5+ Kd4 76. Rb5 a4 77. Rxb3 axb3 78. f4 exf3+ 79. Kxf3 Kxc4 {[#] ( -> ...Kd3). KP-KP} 80. Ke4 Kc5 81. Kd3 Kc6 82. Kc4 Kb6 83. Kxb3 {White wants to mate with Kb4.} Kb5 84. Kc3 {Weighted Error Value: White=0.07/Black=0.05} 1/2-1/2

[Event "XXVII RUS-chT Premier 2020"]
[Site "Sochi"]
[Date "2020.11.26"]
[Round "7.1"]
[White "Lobanov, Sergei"]
[Black "Fedoseev, Vladimir"]
[Result "1-0"]
[WhiteElo "2522"]
[BlackElo "2676"]
[Annotator "TA"]
[PlyCount "113"]
[EventDate "2020.11.19"]
[EventType "team-tourn"]
[EventCountry "RUS"]
[SourceTitle "playchess.com"]
[Source "ChessBase"]
[SourceQuality "1"]

{[%evp 14,113,25,21,20,6,44,18,36,14,31,33,30,40,72,66,66,57,72,62,56,61,92,87,139,110,184,183,182,170,187,197,176,194,194,206,207,210,215,206,192,187,194,210,405,407,447,454,379,190,188,194,193,237,271,269,313,310,332,320,281,290,313,312,290,286,300,285,294,291,428,449,598,593,635,617,1220,1116,1245,1232,1240,1112,1171,1046,1032,804,1394,1241,1631,1618,1543,1644,1855,1930,1963,1798,1683,1580,1821,1842,29982,29983]} 1. e4 c6 2. d4 d5 3. Nc3 dxe4 4. Nxe4 Nf6 5. Nxf6+ exf6 6. c3 Bd6 7. Bd3 O-O 8. Qc2 Re8+ {B15: Caro-Kann: 3 Nc3: 3...g6 and 3...dxe4 4 Nxe4 Nf6 5 Nxf6+ exf6.} 9. Ne2 h5 (9... f5 $5) 10. Be3 Be6 {The position is equal.} 11. O-O-O Qa5 12. a3 Nd7 13. c4 {[#]} b5 $146 ({Predecessor:} 13... Nf8 14. Ng3 h4 15. Nf5 Bxf5 16. Bxf5 c5 17. Kb1 Qc7 18. g3 cxd4 19. Bxd4 Bc5 {1-0 (45) Djordjevic,V (2347)-Radlovacki,J (2247) Backa Palanka 2020}) 14. c5 Bc7 15. Bh7+ Kh8 16. Be4 Qa6 17. Nc3 Rac8 18. h3 h4 ({Better is} 18... Bc4) 19. Rhe1 g6 {[#]} (19... Rcd8 $16 20. d5 cxd5 21. Nxd5 Ba5) 20. Bxg6 $1 $18 fxg6 21. Qxg6 Re7 {Threatens to win with ...Rg7.} 22. Bh6 {Hoping for Rxe6!} Rg8 {[#]} 23. Qh5 $1 Rh7 ({Don't go for} 23... Rxg2 $2 24. Rg1 $18) 24. Rxe6 Bf4+ 25. Kb1 {Strongly threatening Bg7+!} Bxh6 26. Qf3 b4 27. axb4 ({Much less strong is} 27. Rxc6 Qc4 $16) 27... Qc4 28. Qxc6 Nb8 $2 (28... Qxb4 29. Qb5 Qxb5 30. Nxb5 Bg5) 29. Qe4 Qxb4 30. Nd5 Qa4 31. Qc2 (31. Re1 $142 f5 32. Qxf5) 31... Qxc2+ 32. Kxc2 Rf7 33. Nxf6 Rxg2 34. Ng4 Bf8 35. b4 {[%cal Bb2b4,Bb4b5][%mdl 32]} Kg7 36. Kd3 Rf3+ 37. Re3 Rf4 38. b5 Nd7 39. c6 Nb6 40. Ra1 Rf7 41. Ke2 Nc4 (41... Bd6 {might work better.} 42. Rf3 Re7+ 43. Re3 Rf7) 42. Rc3 Nd6 43. c7 Nc8 {[#]} 44. Rxa7 $3 {[%mdl 512]} Rg1 (44... Nxa7 45. b6) 45. Ra8 Re7+ 46. Kd2 Re8 47. Re3 Bb4+ 48. Kc2 Rf8 49. Re6 Rxg4 50. hxg4 h3 51. b6 h2 52. Ra1 Nd6 53. Rh1 Nb5 54. Kd3 Bd6 55. Kc4 Kf7 56. Rh6 Bf4 57. Kxb5 {Black got outplayed after the opening.  Weighted Error Value: White=0.08/Black=0.27} 1-0

[Event "XXVII RUS-chT Premier 2020"]
[Site "Sochi"]
[Date "2020.11.26"]
[Round "7.2"]
[White "Sakaev, Konstantin"]
[Black "Shubin, Kirill"]
[Result "1/2-1/2"]
[WhiteElo "2612"]
[BlackElo "2441"]
[Annotator "TA"]
[PlyCount "81"]
[EventDate "2020.11.19"]
[EventType "team-tourn"]
[EventCountry "RUS"]
[SourceTitle "playchess.com"]
[Source "ChessBase"]
[SourceQuality "1"]

{[%evp 11,81,9,16,6,25,21,18,16,18,17,38,45,36,31,41,43,42,45,32,30,28,32,48,48,48,45,49,33,38,6,8,0,0,0,0,0,0,0,0,0,0,0,0,0,0,0,0,0,0,0,0,0,0,0,0,0,0,0,0,0,0,0,0,0,0,0,0,0,0,0,0,0]} 1. Nf3 Nf6 2. c4 b6 3. d4 e6 4. g3 Bb7 5. Bg2 Be7 6. O-O O-O 7. h4 {[#] E17: Queen's Indian: 4 g3 Bb7 5 Bg2 Be7.} d5 $146 ({Predecessor:} 7... c5 8. d5 exd5 9. Nh2 d6 10. Nc3 Nbd7 11. cxd5 a6 12. a4 Re8 13. Re1 Bf8 14. e4 g6 {½-½ (81) Sargissian,G (2676)-Shubin,K (2401) Tallinn 2019}) 8. cxd5 exd5 9. Nc3 Nbd7 10. Ne5 c5 11. Qa4 cxd4 12. Nxd7 $1 Qxd7 13. Qxd7 Nxd7 14. Nxd5 Bxd5 15. Bxd5 Rac8 16. Rd1 Bf6 17. Rb1 Rfe8 18. Kf1 h6 19. Bd2 Nc5 20. Rdc1 d3 {The position is equal.} 21. e3 Red8 22. e4 Na4 23. b4 Nc3 24. Rb3 {[%cal Rd2c3]} Nxe4 25. Bxe4 {[#] Hoping for Rxc8.} Rxc1+ 26. Bxc1 d2 27. Bxd2 $1 Rxd2 $11 {[%mdl 4096] Endgame KRB-KRB} 28. Ra3 Rd7 29. Rd3 Rxd3 30. Bxd3 {KB-KB} a5 31. bxa5 bxa5 32. a4 g6 33. Bc4 Kg7 34. Bd3 Be7 35. Bc4 Bf6 36. Bd3 Be7 37. Bc4 Bf6 38. Bd3 Be7 39. Bc4 Bf6 40. Bd3 Be7 41. Bc4 {Weighted Error Value: White=0.02/Black=0.02} 1/2-1/2

[Event "XXVII RUS-chT Premier 2020"]
[Site "Sochi"]
[Date "2020.11.26"]
[Round "7.3"]
[White "Usmanov, Vasily"]
[Black "Khairullin, Ildar"]
[Result "1/2-1/2"]
[WhiteElo "2442"]
[BlackElo "2618"]
[Annotator "TA"]
[PlyCount "39"]
[EventDate "2020.11.19"]
[EventType "team-tourn"]
[EventCountry "RUS"]
[SourceTitle "playchess.com"]
[Source "ChessBase"]
[SourceQuality "1"]

{[%evp 9,39,0,0,0,0,2,15,15,8,-1,8,0,0,-15,0,0,0,0,0,-8,0,0,0,0,0,0,0,0,0,0,0,0]} 1. Nf3 d5 2. d4 Nf6 3. c4 c6 4. Nbd2 Bf5 5. Nh4 Be4 {The position is equal.} 6. e3 {D11: Slav Defence: 3 Nf3 sidelines and 3...Nf6 4 e3 Bg4.} e6 7. Be2 Be7 8. O-O O-O {[#]} 9. g3 $146 ({Predecessor:} 9. Nxe4 Nxe4 10. Nf3 Nd7 11. Qc2 Bd6 12. b3 f5 13. Bb2 Qf6 14. g3 g5 15. Bd3 {½-½ (51) Sanchez Alvarez,R (2409)-Husbands,O (2324) chess.com INT 2020}) 9... Qc7 10. f3 Bg6 11. cxd5 cxd5 12. Nxg6 hxg6 13. Nb3 Bd6 14. Bd2 Bxg3 15. hxg3 Qxg3+ 16. Kh1 Qh3+ 17. Kg1 {[#] And now Rf2 would win.} Qg3+ 18. Kh1 {Black must now prevent Qe1.} Qh3+ 19. Kg1 {Hoping for Rf2.} Qg3+ 20. Kh1 {Not much happened in this game.  Weighted Error Value: White=0.03/Black=0.03} 1/2-1/2

[Event "XXVII RUS-chT Premier 2020"]
[Site "Sochi"]
[Date "2020.11.26"]
[Round "7.4"]
[White "Ponkratov, Pavel"]
[Black "Timerkhanov, Alexander"]
[Result "1-0"]
[WhiteElo "2625"]
[BlackElo "2379"]
[Annotator "TA"]
[PlyCount "39"]
[EventDate "2020.11.19"]
[EventType "team-tourn"]
[EventCountry "RUS"]
[SourceTitle "playchess.com"]
[Source "ChessBase"]
[SourceQuality "1"]

{[%evp 13,39,-13,-1,-2,48,47,50,40,216,173,219,232,475,463,474,475,464,461,458,458,440,348,719,679,766,762,1753,1710]} 1. Nf3 d5 2. c4 c6 3. d4 Nf6 4. Nc3 dxc4 5. a4 Bf5 6. Ne5 Na6 {[%cal Bb8a6,Ba6b4,Bb4c2][%mdl 32]} 7. f3 Nd7 $1 8. Nxd7 $1 {is the legacy move (8.Nxc4). D17: Slav Defence: 5 a4 Bf5: Lines with 6 Nh4 and 6 Ne5.} Qxd7 9. e4 {[#]} e5 $146 ({Predecessor:} 9... Bg6 10. Bxc4 Nb4 11. Be3 e5 12. dxe5 Qe7 13. O-O Qxe5 14. f4 Qa5 15. f5 Bc5 {1-0 (35) Zaremba,A (2321)-Costigan,R (2312) ICC INT 2006}) 10. exf5 {White is slightly better.} Qxd4 $2 (10... exd4 $14 11. Bxc4 dxc3) 11. Ne4 {Hoping for Qxd4.} Nb4 12. Bd2 Qxb2 $2 (12... Be7 13. Rc1 b5) 13. Rb1 $18 Nc2+ 14. Kf2 Qd4+ 15. Kg3 Ne3 16. Bxe3 {[%mdl 64] [#] Overworked Piece} Qxe3 17. Bxc4 Qf4+ $2 (17... b6 18. Qc1 Qxc1 19. Rhxc1 Be7) 18. Kf2 {Threatening mate with Bxf7+!White is clearly winning.} Bc5+ 19. Nxc5 {Intending Qd7+! and mate.} Rd8 {[#]} 20. Bxf7+ $1 {Black got outplayed after the opening.  Weighted Error Value: White=0.15/Black=0.71} 1-0